CMI Descriptions of Pathogenic Fungi and Bacteria (Record no. 4499)

MARC details
000 -LEADER
fixed length control field 00513nam a2200157Ia 4500
022 ## - INTERNATIONAL STANDARD SERIAL NUMBER
ISSN 0009-9716
245 #0 - TITLE STATEMENT
Title CMI Descriptions of Pathogenic Fungi and Bacteria
246 ## - VARYING FORM OF TITLE
Title proper/short title IMI Descriptions of Fungi and Bacteria
260 ## - PUBLICATION, DISTRIBUTION, ETC. (IMPRINT)
Name of publisher CAB International, Wallingford, Oxon
Place of publication UK
310 ## - CURRENT PUBLICATION FREQUENCY
Current publication frequency Q
500 ## - GENERAL NOTE
General note Ending Volume & Year: 1020, 1990
500 ## - GENERAL NOTE
General note Missing Volume: Nos.360-380;720-726;881-910;961-1000
500 ## - GENERAL NOTE
General note Starting Volume & Year: 1, 1964
942 ## - ADDED ENTRY ELEMENTS (KOHA)
Koha item type Bound Journal
Holdings
Withdrawn status Lost status Damaged status Not for loan Home library Current library Date acquired Accession Number Koha item type
      Bound journals RRII Library RRII Library 31/12/2021 04470J Bound Journal